Australia by Letter - Q - Statistics

General Stats
  • This quiz has been taken 14 times
  • The average score is 7 of 10
Answer Stats
Hint Answer % Correct
Australia's flag carrier airline Qantas
100%
State whose capital city is Brisbane Queensland
100%
Earth's most common mineral, found in many parts of Australia Quartz
79%
Town in South Australia that shares its name with a meat substitute Quorn
79%
Slang word for money, specifically pounds (which Australia used prior to 1966) Quid
71%
Small wallaby often encountered on Rottnest Island in Western Australia Quokka
71%
Australia's first female Governor-General, Dame _______ Bryce Quentin
64%
A spotted, carnivorous marsupial Quoll
50%
Native tree and its round, red, berry-like fruit sometimes called a native peach Quandong
43%
Rural town in the above state, known for opal mining Quilpie
14%
No matching quizzes found
Score Distribution
Percent of People with Each Score
Percentile by Number Answered
Your Score History
You have not taken this quiz